Shahr -e- Arzoo / (Record no. 522830)
[ view plain ]
| 000 -LEADER | |
|---|---|
| fixed length control field | 00773cam a22002897a 4500 |
| 001 - CONTROL NUMBER | |
| control field | 14379332 |
| 003 - CONTROL NUMBER IDENTIFIER | |
| control field | NUST |
| 005 - DATE AND TIME OF LATEST TRANSACTION | |
| control field | 20190123141014.0 |
| 008 - FIXED-LENGTH DATA ELEMENTS--GENERAL INFORMATION | |
| fixed length control field | 060516s2006 pk 000 d urd |
| 010 ## - LIBRARY OF CONGRESS CONTROL NUMBER | |
| LC control number | 2006334445 |
| 020 ## - INTERNATIONAL STANDARD BOOK NUMBER | |
| International Standard Book Number | 9693518195 |
| 025 ## - OVERSEAS ACQUISITION NUMBER | |
| Overseas acquisition number | P-U-2006334445 ; 10 ; 11 |
| 038 ## - RECORD CONTENT LICENSOR | |
| Staff Name | Tanveer |
| 040 ## - CATALOGING SOURCE | |
| Original cataloging agency | DLC |
| Transcribing agency | DLC |
| Modifying agency | DLC |
| 042 ## - AUTHENTICATION CODE | |
| Authentication code | lcode |
| 050 00 - LIBRARY OF CONGRESS CALL NUMBER | |
| Classification number | MLCSA 2006/01071 (P) |
| 082 ## - DEWEY DECIMAL CLASSIFICATION NUMBER | |
| Classification number | 891.4392 |
| Author Mark | ASH |
| 100 0# - MAIN ENTRY--PERSONAL NAME | |
| Personal name | Ashfāq Aḥmad, |
| Dates associated with a name | 1925-2004. |
| 9 (RLIN) | 639 |
| 245 10 - TITLE STATEMENT | |
| Title | Shahr -e- Arzoo / |
| Statement of responsibility, etc. | Ashfaq Aḥmad. |
| 260 ## - PUBLICATION, DISTRIBUTION, ETC. | |
| Place of publication, distribution, etc. | Lahore : |
| Name of publisher, distributor, etc. | Sang -e- Meel Publications, |
| Date of publication, distribution, etc. | 2006. |
| 300 ## - PHYSICAL DESCRIPTION | |
| Extent | 375 p. ; |
| Dimensions | 22 cm. |
| 500 ## - GENERAL NOTE | |
| General note | Drama. |
| 546 ## - LANGUAGE NOTE | |
| Language note | In Urdu. |
| 906 ## - LOCAL DATA ELEMENT F, LDF (RLIN) | |
| a | 7 |
| b | cbc |
| c | origode |
| d | 4 |
| e | ncip |
| f | 20 |
| g | y-gencatlg |
| 942 ## - ADDED ENTRY ELEMENTS (KOHA) | |
| Source of classification or shelving scheme | |
| Koha item type | Book |
| Withdrawn status | Lost status | Source of classification or shelving scheme | Damaged status | Not for loan | Permanent Location | Current Location | Date acquired | Total Checkouts | Total Renewals | Full call number | Barcode | Date last seen | Date last checked out | Price effective from | Koha item type |
|---|---|---|---|---|---|---|---|---|---|---|---|---|---|---|---|
| Central Library (CL) | Central Library (CL) | 01/23/2019 | 11 | 3 | 891.4392 AHM | NIT-8756 | 10/01/2025 | 09/24/2025 | 01/23/2019 | Book |
